<?xml version="1.0" encoding="UTF-8"?>
<record
    xmlns:xsi="http://www.w3.org/2001/XMLSchema-instance"
    xsi:schemaLocation="http://www.loc.gov/MARC21/slim http://www.loc.gov/standards/marcxml/schema/MARC21slim.xsd"
    xmlns="http://www.loc.gov/MARC21/slim">

  <leader>01517nam a22002297a 4500</leader>
  <controlfield tag="005">20220330101238.0</controlfield>
  <controlfield tag="008">220330b           ||||| |||| 00| 0 eng d</controlfield>
  <datafield tag="020" ind1=" " ind2=" ">
    <subfield code="a">8187496371</subfield>
  </datafield>
  <datafield tag="040" ind1=" " ind2=" ">
    <subfield code="c">AL</subfield>
  </datafield>
  <datafield tag="041" ind1=" " ind2=" ">
    <subfield code="a">English</subfield>
  </datafield>
  <datafield tag="082" ind1=" " ind2=" ">
    <subfield code="2">23</subfield>
    <subfield code="a">320.973</subfield>
    <subfield code="b">AHMI</subfield>
  </datafield>
  <datafield tag="100" ind1=" " ind2=" ">
    <subfield code="a">Aijaz Ahmad</subfield>
    <subfield code="9">26566</subfield>
  </datafield>
  <datafield tag="245" ind1=" " ind2=" ">
    <subfield code="a">Iraq Afghanistan And The Imperialism Of Our Time</subfield>
  </datafield>
  <datafield tag="260" ind1=" " ind2=" ">
    <subfield code="a">New Delhi</subfield>
    <subfield code="b">LeftWord Books</subfield>
    <subfield code="c">2004</subfield>
  </datafield>
  <datafield tag="300" ind1=" " ind2=" ">
    <subfield code="a">xxi,285 p.</subfield>
    <subfield code="b">HB</subfield>
    <subfield code="c">22x14 cm.</subfield>
  </datafield>
  <datafield tag="365" ind1=" " ind2=" ">
    <subfield code="b">&#x20B9;450.00</subfield>
    <subfield code="c">&#x20B9;</subfield>
    <subfield code="d">&#x20B9;450.00</subfield>
  </datafield>
  <datafield tag="520" ind1=" " ind2=" ">
    <subfield code="a">Starting immediately after the catastrophe of 11 September 2011 and spanning over the next two years Aijaz Ahmad published a number of long articles on the global imperial design and the wars of occupation that the US launched against Afghanistan and Iraq. Twelve of those articles are included in this book. Together, these articles offer a wealth of factual detail and analysis covering the background of US policy, preparation and execution of the two wars, and the re-emergence of resistance in the two countries. This is followed by the essay "The Imperialism of Our Time". In a major theoretical intervention Aijaz Ahmad argues that the US has pursued a consistent policy since the First World War and the Bolshevik Revolution aimed at the destruction of communism, defeat of Third World nationalism; and establishment of clear and permanent superiority over competitors in the capitalist world.</subfield>
  </datafield>
  <datafield tag="650" ind1=" " ind2=" ">
    <subfield code="a">Iraq</subfield>
    <subfield code="9">26567</subfield>
  </datafield>
  <datafield tag="650" ind1=" " ind2=" ">
    <subfield code="a">Afghanistan</subfield>
    <subfield code="9">26568</subfield>
  </datafield>
  <datafield tag="700" ind1=" " ind2=" ">
    <subfield code="a">AHMAD (Aijaz)</subfield>
    <subfield code="9">26569</subfield>
  </datafield>
  <datafield tag="942" ind1=" " ind2=" ">
    <subfield code="2">ddc</subfield>
    <subfield code="c">GF</subfield>
  </datafield>
  <datafield tag="999" ind1=" " ind2=" ">
    <subfield code="c">222096</subfield>
    <subfield code="d">222096</subfield>
  </datafield>
  <datafield tag="952" ind1=" " ind2=" ">
    <subfield code="0">0</subfield>
    <subfield code="1">0</subfield>
    <subfield code="2">ddc</subfield>
    <subfield code="4">0</subfield>
    <subfield code="7">0</subfield>
    <subfield code="8">PS</subfield>
    <subfield code="a">AL</subfield>
    <subfield code="b">AL</subfield>
    <subfield code="d">2013-03-24</subfield>
    <subfield code="l">0</subfield>
    <subfield code="o">320.973 AHMI</subfield>
    <subfield code="p">GF03333</subfield>
    <subfield code="r">2022-03-30 00:00:00</subfield>
    <subfield code="w">2022-03-30</subfield>
    <subfield code="y">GF</subfield>
  </datafield>
</record>
